000
00205 a2200097 4500
001
58596
082
_a
297.1227KAS
090
_c
35951
_d
35951
100
_a
Abn-e-Qutab
245
_a
tafseer bayanul quran
942
_a
NUST-CAE
_k
297.1227KAS
999
_c
293669
_d
293669